000 00620nam a22001937a 4500
005 20250128105613.0
010 _aENG-143815
020 _a9788196154080
_c398.00
035 _aEN-127147
037 _bDBAD
082 _a000
100 _aNavaneethan S
_977180
245 _aUPSC General Studies Question Bank (2011-2023):
_cBy S Navaneethan
_bPreliminary Work Book - UPSC Preliminary Book/
250 _a1
260 _aChennai
_bTamizhi Books
_c2023
270 _a20th Main Road, Anna Nager tamil Nadu
_bChennai
_e600040
300 _a340p.
_bAppendix
_c28cm(pb)
942 _2ddc
_cEN
_h000
_mNAV
999 _c208825
_d208825